All Everton premier league goalscorers between 2003/4 - 2016/17 - Statistics

General Stats
  • This quiz has been taken 899 times
  • The average score is 35 of 65
Answer Stats
Years in club Position Nation Answer % Correct
2006-2016 Goalkeeper USA Howard
97%
2007- Defender England Baines
91%
2013- Forward Belgium Lukaku
90%
2009- Defender Ireland Coleman
86%
2004-2012 Midfielder Australia Cahill
84%
2007- Defender England Jagielka
83%
2005-2011 Midfielder Spain Arteta
76%
2009-2010 Forward Brazil Jo
75%
2007-2016 Midfielder South Africa Pienaar
73%
2000-2006 Forward Scotland Ferguson
72%
2012-2016 Forward Scotland Naismith
71%
2002-2011 Defender Nigeria Yobo
71%
2012- Forward Belgium Mirallas
68%
2002-2004 Forward England Rooney
68%
2008-2013 Midfielder Belgium Fellaini
67%
2007-2011 Forward Nigeria Yakubu
67%
2009-2015 Defender France Distin
66%
2000-2016 Midfielder England Osman
66%
2013- Midfielder Ireland McCarthy
65%
2010-2012 Midfielder USA Donovan
63%
2016- Defender Wales Williams
62%
2010- Midfielder England Barkley
61%
2012-2014 Forward Croatia Jelavic
61%
2012- Defender Costa Rica Oviedo
61%
2008-2012 Forward France Saha
59%
2014-2015 Forward Cameroon Eto'o
58%
2010-2014 Midfielder Senegal Gueye
58%
2013- Forward Ivory Coast Kone
57%
1999-2007 Defender Scotland Weir
57%
2009-2014 Defender Netherlands Heitinga
56%
2013-2016 Defender England Stones
56%
2012- Midfielder Ireland Gibson
55%
2000-2005 Midfielder Denmark Gravesen
54%
2013- Midfielder England Barry
53%
2005-2007 Midfielder Wales Davies
53%
2006-2008 Forward England Johnson
52%
2005-2013 Defender England Neville
51%
2005-2013 Forward Nigeria Anichebe
50%
2009-2012 Midfielder Russia Bilyaletdinov
50%
2002-2008 Midfielder Ireland Carsley
49%
2016- Midfielder Congo Bolasie
48%
2006-2009 Defender England Lescott
47%
2001-2008 Defender England Stubbs
47%
2015-2016 Defender Argentina Mori
44%
2003-2012 Forward Scotland McFadden
43%
1998-2004 Defender England Unsworth
43%
2011-2014 Forward Greece Vellios
43%
2005-2007 Forward England Beattie
42%
2000-2007 Defender Scotland Naysmith
40%
1999-2005 Forward England Campbell
38%
2011-2012 Forward Argentina Stracqualursi
37%
2013- Midfielder Spain Deulofeu
36%
2011-2012 Midfielder Netherlands Drenthe
36%
2014- Midfielder Ireland McGeady
36%
2000-2005 Defender England Watson
36%
2015- Midfielder England Lennon
35%
2000-2004 Forward Poland Radzinski
35%
2007-2012 Midfielder England Rodwell
35%
2003-2006 Midfielder Ireland Kilbane
34%
2010-2011 Forward Jamaica Beckford
32%
2007-2008 Midfielder Portugal Fernandes
32%
2004-2006 Forward England Bent
31%
2003-2011 Forward England Vaughan
31%
2015- Midfielder England Cleverley
28%
2008-2010 Midfielder England Gosling
25%
No matching quizzes found
Score Distribution
Percent of People with Each Score
Percentile by Number Answered
Your Score History
You have not taken this quiz